Nuclear waste

Bibliographic Details
Main Author: Gardiner, B
Format: Book
Published: London : Gloucester Press , 1992
Series:World about us
Subjects:

MARC

LEADER 00000cam a2200000 7i4500
001 0000001264
002 000001393
005 20000330.0
020 |a 0749607459 
090 0 0 |a J 030   |b WOR 
100 1 |a Gardiner, B 
245 1 0 |a Nuclear waste   |c B.Gardiner 
260 |a London :   |b Gloucester Press ,   |c 1992 
300 |a 32p. ;   |c 22cm. 
490 0 |a World about us 
650 0 0 |a Nuclear waste   |x Juvenile literature 
999 |a 031005   |b BUKU   |c PINJAMAN   |e PERPUSTAKAAN KOMUNITI PETALING JAYA